Giáo trình quản lý năng lực giáo viên mẫu giáo theo tiếp cận kỹ năng nghề đáp ứng yêu cầu đổi mới giáo dục mầm non Dùng cho sinh viên ngành học Mầm non
में बचाया:
| मुख्य लेखक: | |
|---|---|
| स्वरूप: | पुस्तक |
| प्रकाशित: |
Hà Nội
Giáo dục
2010
|
| विषय: | |
| टैग : |
टैग जोड़ें
कोई टैग नहीं, इस रिकॉर्ड को टैग करने वाले पहले व्यक्ति बनें!
|
| Thư viện lưu trữ: | Trung tâm Học liệu Lê Vũ Hùng, Trường Đại học Đồng Tháp |
|---|
| LEADER | 00835pam a22002058a 4500 | ||
|---|---|---|---|
| 001 | 00039810 | ||
| 005 | 20200318090335.0 | ||
| 008 | 170521s2010 ||||||Viesd | ||
| 041 | 0 | # | |a Vie |
| 082 | 1 | 4 | |a 372.21 |b GI108TR |
| 100 | 1 | # | |a Phạm, Thị Loan |
| 245 | 1 | 0 | |c Phạm Thị Loan |a Giáo trình quản lý năng lực giáo viên mẫu giáo theo tiếp cận kỹ năng nghề đáp ứng yêu cầu đổi mới giáo dục mầm non |b Dùng cho sinh viên ngành học Mầm non |
| 260 | # | # | |a Hà Nội |c 2010 |b Giáo dục |
| 300 | # | # | |a 199tr. |c 19 cm |
| 653 | # | # | |a Giáo dục mầm non |
| 653 | # | # | |a Giáo trình |
| 653 | # | # | |a Giáo viên |
| 653 | # | # | |a Kỹ năng nghề |
| 852 | # | # | |j KD.0026673 |
| 980 | # | # | |a Trung tâm Học liệu Lê Vũ Hùng, Trường Đại học Đồng Tháp |